=LDR 00000nam 2200000 4500 =001 INLIS000000000023633 =005 20130612122258 =008 ***********************************Ind** =035 ##$$0010-061300000023633 =041 ##$$a Ind =082 ##$$a 001.42 =090 ##$$a 001.42, Bra m =100 ##$$a Branen, Julia =245 ##$$a Memadu metode penelitian, Kualitatif dan Kuantitatif, Julia Branen =260 ##$$a 2005 $b Yogyakarta =300 ##$$a 226 hlm., 21 cm =650 ##$$a Metode Penelitian =850 ##$$a NBPNMAT